[Event "Titled Tuesday intern op 16th Jan Late"]
[Site "Chess.com INT"]
[Date "2024.01.16"]
[Round "8"]
[White "Marcziter, Dmitrii"]
[Black "Alonso Rosell, Alvar"]
[Result "1-0"]
[WhiteElo "2190"]
[BlackElo "2562"]
[PlyCount "65"]
[EventDate "2024.01.16"]
[EventType "swiss (blitz)"]
[EventRounds "11"]
[EventCountry "USA"]
[SourceTitle "CB04_2024"]
[SourceDate "2023.10.16"]
[SourceVersion "1"]
[SourceVersionDate "2023.10.16"]
[SourceQuality "1"]

1. d4 Nf6 2. c4 c5 3. d5 e6 4. Nc3 exd5 5. cxd5 d6 6. Nf3 g6 7. Nd2 Bg7 8. Nc4 0-0 9. Bf4 Nbd7 10. Nxd6 Nh5 11. Bd2 Qb6 12. Nc4 Qa6 13. e3 b5 14. Na3 Qb7 15. Naxb5 a6 16. Nd6 Qxb2 17. Nc4 Qxc3 18. Bxc3 Bxc3+ 19. Nd2 Re8 20. Rc1 Bb4 21. Be2 Ndf6 22. 0-0 Bb7 23. Bf3 Rad8 24. Nc4 Nxd5 25. Qb3 Nhf6 26. a4 g5 27. Rfd1 g4 28. Be2 h5 29. Na5 Ba8 30. Nc4 Ne4 31. Qc2 Nec3 32. Rd3 Nxe2+ 33. Qxe2 1-0

[Event "Titled Tuesday intern op 16th Jan Late"]
[Site "Chess.com INT"]
[Date "2024.01.16"]
[Round "11"]
[White "Marcziter, Dmitrii"]
[Black "Banerjee, Supratit"]
[Result "0-1"]
[WhiteElo "2190"]
[BlackElo "1984"]
[PlyCount "122"]
[EventDate "2024.01.16"]
[EventType "swiss (blitz)"]
[EventRounds "11"]
[EventCountry "USA"]
[SourceTitle "CB04_2024"]
[SourceDate "2023.10.16"]
[SourceVersion "1"]
[SourceVersionDate "2023.10.16"]
[SourceQuality "1"]

1. d4 d5 2. c4 e6 3. Nc3 Be7 4. Nf3 Nf6 5. Bg5 0-0 6. e3 c6 7. cxd5 exd5 8. Qc2 h6 9. Bf4 Nbd7 10. h3 Nb6 11. Bd3 Be6 12. 0-0 Qc8 13. Ne5 Nbd7 14. f3 Nxe5 15. Bxe5 Nd7 16. Bg3 c5 17. Bf5 cxd4 18. exd4 Bf6 19. Rad1 Nb6 20. Bxe6 Qxe6 21. Rfe1 Qd7 22. Be5 Bxe5 23. Rxe5 Rfe8 24. Rde1 Rxe5 25. Rxe5 Re8 26. Qe2 Rxe5 27. Qxe5 f6 28. Qb8+ Kh7 29. Qxa7 Nc4 30. b3 Ne3 31. Kf2 Nf5 32. Qc5 Ne7 33. g4 Qe6 34. Qc7 b6 35. Qf4 Qc6 36. Qe3 Qc7 37. Nb5 Qh2+ 38. Ke1 Qh1+ 39. Kd2 Ng6 40. Qd3 Qxh3 41. Kc3 Qh2 42. a4 h5 43. gxh5 Qxh5 44. Nc7 Qh2 45. Nxd5 Qd6 46. Qf5 Qc6+ 47. Kb2 Qd6 48. b4 Kg8 49. Qxg6 Qxd5 50. Qe4 Qd6 51. d5 Qh2+ 52. Kb3 Qd2 53. Kc4 f5 54. Qe6+ Kh8 55. Kb5 Qd3+ 56. Kxb6 Qd4+ 57. Kb5 Qd3+ 58. Ka5 Qxf3 59. b5 Qc3+ 60. Ka6 Qb4 61. a5 Qf8 0-1

[Event "Titled Tuesday intern op 16th Jan Late"]
[Site "Chess.com INT"]
[Date "2024.01.16"]
[Round "3"]
[White "Marcziter, Dmitrii"]
[Black "Martinez Pla, Xavier"]
[Result "0-1"]
[WhiteElo "2190"]
[BlackElo "2251"]
[PlyCount "86"]
[EventDate "2024.01.16"]
[EventType "swiss (blitz)"]
[EventRounds "11"]
[EventCountry "USA"]
[SourceTitle "CB04_2024"]
[SourceDate "2023.10.16"]
[SourceVersion "1"]
[SourceVersionDate "2023.10.16"]
[SourceQuality "1"]

1. e4 c5 2. Nc3 Nc6 3. f4 g6 4. Nf3 Bg7 5. Bc4 e6 6. d3 Nge7 7. a4 0-0 8. 0-0 d5 9. Ba2 b6 10. Kh1 Bb7 11. Qe1 Nb4 12. Bb3 Nec6 13. Qf2 Na5 14. Ba2 Nac6 15. Bb1 Nd4 16. Nxd4 cxd4 17. Ne2 dxe4 18. dxe4 Bxe4 19. Ng3 Bb7 20. Bd2 Nd5 21. Ba2 Ne7 22. Bb4 Re8 23. Rad1 Nf5 24. Nxf5 exf5 25. c3 d3 26. Bc4 Re2 27. Qxe2 dxe2 28. Rxd8+ Rxd8 29. Bxe2 Rd2 30. Bf3 Bxf3 31. gxf3 Rxb2 32. a5 Bf8 33. axb6 axb6 34. Bxf8 Kxf8 35. Rd1 Rc2 36. Rd3 Kg7 37. h3 Kh6 38. Kg1 Kh5 39. Rd7 Rxc3 40. Rxf7 h6 41. Kg2 b5 42. Rb7 Rb3 43. Rb6 Rb1 0-1

[Event "Titled Tuesday intern op 12th Dec Early"]
[Site "Chess.com INT"]
[Date "2023.12.12"]
[Round "7"]
[White "Mazurkiewicz, Michal"]
[Black "Marcziter, Dmitrii"]
[Result "1-0"]
[WhiteElo "2145"]
[BlackElo "2192"]
[PlyCount "29"]
[EventDate "2023.12.12"]
[EventType "swiss (blitz)"]
[EventRounds "11"]
[EventCountry "USA"]
[SourceTitle "CB51_2023"]
[SourceDate "2023.12.20"]
[SourceVersion "1"]
[SourceVersionDate "2023.12.20"]
[SourceQuality "1"]

1. e4 c5 2. Nf3 a6 3. g3 e6 4. Bg2 Nc6 5. d3 Rb8 6. a4 d5 7. e5 Nge7 8. 0-0 b5 9. axb5 axb5 10. Re1 Bb7 11. h4 h6 12. h5 Nf5 13. c3 Be7 14. Bf4 Qc7 15. Nbd2 1-0

[Event "Titled Tuesday intern op 14th Nov Early"]
[Site "Chess.com INT"]
[Date "2023.11.14"]
[Round "9"]
[White "Al Tarbosh, Ward"]
[Black "Marcziter, Dmitrii"]
[Result "1-0"]
[WhiteElo "2281"]
[BlackElo "2224"]
[PlyCount "125"]
[EventDate "2023.11.14"]
[EventType "swiss (blitz)"]
[EventRounds "11"]
[EventCountry "USA"]
[SourceTitle "CB47_2023"]
[SourceDate "2023.11.22"]
[SourceVersion "1"]
[SourceVersionDate "2023.11.22"]
[SourceQuality "1"]

1. e4 c5 2. Nf3 e6 3. d4 cxd4 4. Nxd4 a6 5. Bd3 Bc5 6. Nb3 Ba7 7. Qe2 Nc6 8. Nc3 Nge7 9. Be3 Bxe3 10. Qxe3 0-0 11. h4 f5 12. e5 Nb4 13. f4 Ned5 14. Nxd5 Nxd5 15. Qd2 b5 16. 0-0-0 Bb7 17. Rhg1 Qxh4 18. g3 Qe7 19. Rh1 a5 20. Rh2 g6 21. Rdh1 Rf7 22. Bxb5 a4 23. Nd4 a3 24. b3 Nb4 25. Rd1 Nxa2+ 26. Kb1 Nb4 27. Ka1 Rc8 28. c3 Nc6 29. c4 Nxd4 30. Qxd4 Bc6 31. Bxc6 Rxc6 32. Ka2 Qd8 33. Qa7 Rc8 34. Rd6 Ra8 35. Qb6 Qc8 36. Rhd2 Rb8 37. Qd4 Qb7 38. Qc3 Ra8 39. c5 Ra6 40. Qc4 Rxd6 41. cxd6 Rf8 42. Qc7 Qb4 43. Rc2 Rb8 44. Qc3 Qe4 45. Kxa3 Ra8+ 46. Kb2 Qb7 47. Qc7 Qa6 48. Kc1 Qa1+ 49. Kd2 Qd4+ 50. Ke2 Qe4+ 51. Kf2 Qd4+ 52. Kg2 Qe4+ 53. Kf2 Ra1 54. Qd8+ Kg7 55. Qe7+ Kh6 56. Qg5+ Kg7 57. Qf6+ Kh6 58. Re2 Qd4+ 59. Kg2 Qd5+ 60. Kh3 Qh1+ 61. Rh2 Qf1+ 62. Kh4 Qf3 63. Qf8# 1-0

[Event "Titled Tuesday intern op 24th Oct Late"]
[Site "Chess.com INT"]
[Date "2023.10.24"]
[Round "7"]
[White "Guzman Lozano, Campo Elias"]
[Black "Marcziter, Dmitrii"]
[Result "0-1"]
[WhiteElo "1837"]
[BlackElo "2223"]
[PlyCount "94"]
[EventDate "2023.10.24"]
[EventType "swiss (blitz)"]
[EventRounds "11"]
[EventCountry "USA"]
[SourceTitle "Mega2024 Update 01"]
[Source "Chessbase"]
[SourceDate "2023.11.12"]
[SourceVersion "1"]
[SourceVersionDate "2023.11.12"]
[SourceQuality "1"]

1. e4 c5 2. Nc3 a6 3. g3 b5 4. Bg2 Bb7 5. d3 e6 6. Nf3 Be7 7. 0-0 Nc6 8. Re1 b4 9. Ne2 d5 10. exd5 exd5 11. Nf4 Nf6 12. Ne5 0-0 13. Nxc6 Bxc6 14. Bd2 Bd6 15. Nh5 Nxh5 16. Qxh5 g6 17. Qh6 Re8 18. Bg5 Qd7 19. Bh3 f5 20. Qh4 Bf8 21. Bg2 Bg7 22. Bf6 Qf7 23. Bxg7 Kxg7 24. c4 Rad8 25. Re3 Rxe3 26. fxe3 Re8 27. Re1 Bb7 28. Qf4 d4 29. Bxb7 Qxb7 30. e4 Qe7 31. e5 Qe6 32. h4 h6 33. Qf3 Re7 34. Qa8 f4 35. Qf3 fxg3 36. Qxg3 Rf7 37. Rf1 Rxf1+ 38. Kxf1 Qf5+ 39. Ke2 g5 40. hxg5 hxg5 41. b3 Kg6 42. Qh2 Qg4+ 43. Kd2 Qf4+ 44. Qxf4 gxf4 45. Ke2 Kf5 46. e6 Kxe6 47. Kf3 Kf5 0-1

[Event "Titled Tuesday intern op 26th Sep Early"]
[Site "Chess.com INT"]
[Date "2023.09.26"]
[Round "5"]
[White "Marcziter, Dmitrii"]
[Black "Weishaeutel, Moritz"]
[Result "0-1"]
[WhiteElo "2236"]
[BlackElo "2403"]
[PlyCount "124"]
[EventDate "2023.09.26"]
[EventType "swiss (blitz)"]
[EventRounds "11"]
[EventCountry "USA"]
[SourceTitle "EXT 2024"]
[Source "ChessBase"]
[SourceDate "2023.10.10"]
[SourceVersion "1"]
[SourceVersionDate "2023.10.10"]
[SourceQuality "1"]

1. e4 e5 2. Nf3 Nf6 3. Nxe5 Nc6 4. Nf3 Nxe4 5. Nc3 Nxc3 6. dxc3 Bc5 7. Bg5 Be7 8. Be3 d6 9. Qd2 Bg4 10. 0-0-0 0-0 11. Kb1 Ne5 12. Be2 Nxf3 13. gxf3 Bf5 14. Rdg1 Kh8 15. Bd4 Bf6 16. h4 Re8 17. Bc4 Be6 18. Bd3 Bxd4 19. cxd4 Qf6 20. c3 Qxf3 21. h5 Bf5 22. Bxf5 Qxf5+ 23. Ka1 h6 24. Rg3 Re6 25. Rhg1 Rg8 26. a3 Rf6 27. f3 Qxh5 28. Qg2 Rg6 29. Qf2 Rxg3 30. Qxg3 Qf5 31. Rg2 Qf6 32. Qg4 Re8 33. d5 Qg6 34. Qxg6 fxg6 35. Rxg6 Re3 36. Rg3 Kg8 37. Kb1 Kf7 38. Kc2 Kf6 39. Kd2 Re5 40. c4 Rg5 41. Rh3 Rg2+ 42. Kc3 Kf5 43. b4 Kf4 44. c5 Rg3 45. Rh1 Rxf3+ 46. Kc4 Kg5 47. Rg1+ Kf6 48. a4 Rf4+ 49. Kb5 a6+ 50. Ka5 dxc5 51. bxc5 Rf5 52. Rd1 h5 53. Kb4 Ke7 54. c6 bxc6 55. dxc6 Ke6 56. Rd7 Rf7 57. Rd4 g5 58. Ka5 h4 59. Kxa6 Rh7 60. Kb7 h3 61. a5 h2 62. Rd1 h1Q 0-1

[Event "Titled Tuesday intern op 26th Sep Late"]
[Site "Chess.com INT"]
[Date "2023.09.26"]
[Round "5"]
[White "Marcziter, Dmitrii"]
[Black "Xu, Gordon"]
[Result "1-0"]
[WhiteElo "2236"]
[BlackElo "2002"]
[PlyCount "125"]
[EventDate "2023.09.26"]
[EventType "swiss (blitz)"]
[EventRounds "11"]
[EventCountry "USA"]
[SourceTitle "EXT 2024"]
[Source "ChessBase"]
[SourceDate "2023.10.10"]
[SourceVersion "1"]
[SourceVersionDate "2023.10.10"]
[SourceQuality "1"]

1. d4 Nf6 2. c4 g6 3. Nf3 Bg7 4. g3 c6 5. Bg2 0-0 6. Nc3 d5 7. 0-0 Re8 8. Bg5 Bf5 9. Qd2 Nbd7 10. Ne5 Nxe5 11. dxe5 Ne4 12. Nxe4 dxe4 13. Qc3 Qc7 14. Bf4 g5 15. Bxg5 Qxe5 16. Qe3 Qxb2 17. Rab1 Qxa2 18. Rxb7 Qxc4 19. Rxe7 Qd4 20. Qf4 Rxe7 21. Bxe7 Qe5 22. Qh4 a5 23. Rc1 a4 24. Ba3 Qe6 25. Qg5 Rb8 26. Rd1 h6 27. Rd8+ Rxd8 28. Qxd8+ Kh7 29. Qa5 e3 30. Qxa4 exf2+ 31. Kxf2 Qf6 32. Qf4 Qd4+ 33. Qxd4 Bxd4+ 34. e3 Bb6 35. Bxc6 Kg6 36. Kf3 Kf6 37. Bb2+ Kg5 38. h4+ Kg6 39. g4 Bc2 40. Be4+ Bxe4+ 41. Kxe4 h5 42. g5 Bc7 43. Be5 Ba5 44. Bg3 f6 45. gxf6 Kxf6 46. Kd5 Bd2 47. e4 Bc3 48. e5+ Ke7 49. Bf4 Be1 50. Bg5+ Kd7 51. e6+ Ke8 52. Ke5 Bc3+ 53. Kf5 Kf8 54. Kg6 Ke8 55. Kxh5 Bd4 56. Kg6 Be5 57. Bf6 Bf4 58. h5 Bd2 59. h6 Bxh6 60. Kxh6 Kf8 61. Kg6 Ke8 62. e7 Kd7 63. Kf7 1-0

[Event "Titled Tuesday intern op 19th Sep Early"]
[Site "Chess.com INT"]
[Date "2023.09.19"]
[Round "4"]
[White "Marcziter, Dmitrii"]
[Black "Bettalli, Francesco"]
[Result "0-1"]
[WhiteElo "2236"]
[BlackElo "2274"]
[PlyCount "58"]
[EventDate "2023.09.19"]
[EventType "swiss (blitz)"]
[EventRounds "11"]
[EventCountry "USA"]
[SourceTitle "EXT 2024"]
[Source "ChessBase"]
[SourceDate "2023.10.10"]
[SourceVersion "1"]
[SourceVersionDate "2023.10.10"]
[SourceQuality "1"]

1. d4 Nf6 2. c4 c5 3. d5 a6 4. a4 e6 5. Nc3 d6 6. e4 g6 7. Bg5 Bg7 8. Qd2 0-0 9. Bd3 exd5 10. exd5 Re8+ 11. Nge2 Nbd7 12. f4 h6 13. Bh4 g5 14. fxg5 Ng4 15. 0-0-0 Ne3 16. gxh6 Qxh4 17. hxg7 Nxd1 18. Qxd1 Ne5 19. b3 Qg5+ 20. Kb2 Qxg7 21. Ka2 Bg4 22. Re1 Nxd3 23. Qxd3 Re5 24. h3 Bxe2 25. Rxe2 Rxe2+ 26. Nxe2 Qxg2 27. Ka3 Qg6 28. Qc3 b5 29. Nf4 b4+ 0-1

[Event "Titled Tuesday intern op 19th Sep Late"]
[Site "Chess.com INT"]
[Date "2023.09.19"]
[Round "11"]
[White "Marcziter, Dmitrii"]
[Black "Colpe, Malte"]
[Result "0-1"]
[WhiteElo "2236"]
[BlackElo "2386"]
[PlyCount "70"]
[EventDate "2023.09.19"]
[EventType "swiss (blitz)"]
[EventRounds "11"]
[EventCountry "USA"]
[SourceTitle "EXT 2024"]
[Source "ChessBase"]
[SourceDate "2023.10.10"]
[SourceVersion "1"]
[SourceVersionDate "2023.10.10"]
[SourceQuality "1"]

1. e4 d5 2. exd5 Qxd5 3. Nc3 Qd6 4. d4 Nf6 5. Bc4 c6 6. Nge2 Bf5 7. 0-0 e6 8. Bf4 Qd8 9. Ng3 Bg6 10. Re1 Bd6 11. Bxd6 Qxd6 12. Nge4 Nxe4 13. Nxe4 Qb4 14. Bb3 0-0 15. h4 a5 16. c3 Qb6 17. a4 Nd7 18. h5 Bxe4 19. Rxe4 Nf6 20. Re5 h6 21. Rb1 Rfd8 22. Bc2 Rac8 23. Qe2 c5 24. dxc5 Rxc5 25. Rxc5 Qxc5 26. g4 Qg5 27. Rd1 Rxd1+ 28. Bxd1 Nxh5 29. Qe4 Nf6 30. Qxb7 Qc1 31. Qb8+ Kh7 32. Qd6 Nd5 33. Kg2 Qxd1 34. f3 Ne3+ 35. Kg3 Qxd6+ 0-1